000 00524nam a2200229Ia 4500
003 IT-RoPAU
008 120407s9999 xx 000 0 und d
040 _aIT-RoPAU
040 _cIT-RoPAU
041 _aita
100 _aFriedrich Nietzesche
245 _a"La mia vita. 5a ed. Scritti autobiografici 1856-1869."
250 _aMilano
260 _aAdelphi
260 _c1987
300 _a187 p.
300 _c18 cm
490 _aPiccola Biblioteca Adelphi, 46
490 _v46
942 _cBK
999 _c27710
_d27710